Croatian football league champions - Statistics

General Stats
  • This quiz has been taken 47 times
  • The average score is 29 of 33
Answer Stats
Year/Godina Champion/Prvak % Correct
1993. Croatia
97%
1998. Croatia
95%
1999. Croatia
95%
2000. Dinamo Zagreb
95%
1996. Croatia
92%
1997. Croatia
92%
2001. Hajduk Split
92%
2008. Dinamo Zagreb
89%
2009. Dinamo Zagreb
89%
2010. Dinamo Zagreb
89%
2011. Dinamo Zagreb
89%
2012. Dinamo Zagreb
89%
2013. Dinamo Zagreb
89%
2014. Dinamo Zagreb
89%
2015. Dinamo Zagreb
89%
2016. Dinamo Zagreb
89%
2003. Dinamo Zagreb
86%
2006. Dinamo Zagreb
86%
2007. Dinamo Zagreb
86%
2018. Dinamo Zagreb
86%
1992. Hajduk Split
86%
1994. Hajduk Split
86%
1995. Hajduk Split
86%
2019. Dinamo Zagreb
84%
2020. Dinamo Zagreb
84%
2021. Dinamo Zagreb
84%
2022. Dinamo Zagreb
84%
2023. Dinamo Zagreb
84%
2024. Dinamo Zagreb
84%
2004. Hajduk Split
84%
2005. Hajduk Split
84%
2017. HNK Rijeka
81%
2002. NK Zagreb
68%
No matching quizzes found
Score Distribution
Percent of People with Each Score
Percentile by Number Answered
Your Score History
You have not taken this quiz